header

The constitution of Kenya : (Record no. 264851)

MARC details
000 -LEADER
fixed length control field 00883cam a2200265 a 4500
001 - CONTROL NUMBER
control field 17036683
003 - CONTROL NUMBER IDENTIFIER
control field OSt
005 - DATE AND TIME OF LATEST TRANSACTION
control field 20250430131137.0
008 - FIXED-LENGTH DATA ELEMENTS--GENERAL INFORMATION
fixed length control field 111107s2011 ke b 000 0 eng
010 ## - LIBRARY OF CONGRESS CONTROL NUMBER
LC control number
040 ## - CATALOGING SOURCE
Original cataloging agency DLC
Transcribing agency DLC
Modifying agency DLC
042 ## - AUTHENTICATION CODE
Authentication code lcode
-- pcc
043 ## - GEOGRAPHIC AREA CODE
Geographic area code f-ke---
050 00 - LIBRARY OF CONGRESS CALL NUMBER
Classification number KSK1750
Item number .C648 2012
245 04 - TITLE STATEMENT
Title The constitution of Kenya :
260 ## - PUBLICATION, DISTRIBUTION, ETC. (IMPRINT)
Place of publication, distribution, etc Nairobi, Kenya :
Name of publisher, distributor, etc National Council for Law Reporting Pub.,
-- Uraia Trust
Date of publication, distribution, etc c2012.
300 ## - PHYSICAL DESCRIPTION
Extent 282 p. ;
Dimensions 21 cm.
504 ## - BIBLIOGRAPHY, ETC. NOTE
Bibliography, etc Includes bibliographical references (p. [307]-340).
650 #0 - SUBJECT ADDED ENTRY--TOPICAL TERM
Topical term or geographic name as entry element Constitutional law
Geographic subdivision Kenya.
710 2# - ADDED ENTRY--CORPORATE NAME
Corporate name or jurisdiction name as entry element National Council for law Reporting
856 41 - ELECTRONIC LOCATION AND ACCESS
Materials specified Table of contents only
Uniform Resource Identifier <a href="http://www.loc.gov/catdir/toc/fy13pdf02/2011343875.html">http://www.loc.gov/catdir/toc/fy13pdf02/2011343875.html</a>
906 ## - LOCAL DATA ELEMENT F, LDF (RLIN)
a 7
b cbc
c origode
d 2
e ncip
f 20
g y-gencatlg
942 ## - ADDED ENTRY ELEMENTS (KOHA)
Source of classification or shelving scheme Library of Congress Classification
Koha item type Long Loan Books
Holdings
Withdrawn status Lost status Source of classification or shelving scheme Damaged status Not for loan Collection code Home library Current library Shelving location Date acquired Total Checkouts Full call number Barcode Date last seen Price effective from Koha item type Date checked out
    Library of Congress Classification     Reference Rongo University Library Law Library General Stacks 30/04/2025   KSK1750 .C648 2011 202501243 30/04/2025 30/04/2025 Long Loan Books  
    Library of Congress Classification     Reference Rongo University Library Law Library General Stacks 30/04/2025   KSK1750 .C648 2011 202501242 30/04/2025 30/04/2025 Long Loan Books  
    Library of Congress Classification     Reference Rongo University Library Law Library General Stacks 30/04/2025 1 KSK1750 .C648 2011 202501241 24/03/2026 30/04/2025 Long Loan Books 10/03/2026
    Library of Congress Classification     Reference Rongo University Library Law Library General Stacks 30/04/2025   KSK1750 .C648 2011 202501240 30/04/2025 30/04/2025 Long Loan Books  
    Library of Congress Classification     Non-fiction Rongo University Library Law Library General Stacks 30/04/2025   KSK1750 .C648 2011 202501239 30/04/2025 30/04/2025 Long Loan Books  
    Library of Congress Classification     Reference Rongo University Library Law Library General Stacks 30/04/2025   KSK1750 .C648 2011 202501238 30/04/2025 30/04/2025 Long Loan Books  
    Library of Congress Classification     Reference Rongo University Library Law Library General Stacks 30/04/2025   KSK1750 .C648 2011 202501237 30/04/2025 30/04/2025 Long Loan Books  
    Library of Congress Classification     Reference Rongo University Library Law Library General Stacks 30/04/2025   KSK1750 .C648 2011 202501236 30/04/2025 30/04/2025 Long Loan Books  
    Library of Congress Classification       Rongo University Library Law Library General Stacks 30/04/2025   KSK1750 .C648 2011 202501235 30/04/2025 30/04/2025 Long Loan Books  
    Library of Congress Classification     Non-fiction Rongo University Library Law Library General Stacks 30/04/2025   KSK1750 .C648 2011 202501234 30/04/2025 30/04/2025 Long Loan Books  

© 2026 Rongo University
Contact us: librarian | system librarian | Rongo university